00661nam a2200181Ia 4500952013100000999001700131003000400148005001700152008004100169040000900210082001900219100002800238245005700266260005700323300000800380650004700388942004400435 00102ddc40708ISLAMaMESbMEScISLd2019-02-20g20.00l0o297.124 AZI/Pp20257r2019-02-20 00:00:00w2019-02-20yBKzGL46R1 c22314d22314OSt20200515090738.0190216s9999||||xx |||||||||||||| ||und|| coclc a297.124bAZI/P aAziz, Qutubuddin 92245 4aThe Prophet Of Peace And Humanity /cQutubuddin Aziz bInternational Islamic Publishers,c1990.aNew Delhi: a68p 0aHistory & geographyvIslamic History92271 cBK2ddch297.124iAZI/Pk297.124mAZI/P